000 00711cam a22002533a 4500
001 33013
003 PGUSA
005 20140828083720.0
008 100628s2010||||xxu|||||s|||||000 | eng d
040 _aPGUSA
_beng
042 _adc
050 4 _aQK
100 1 _aMassee, George,
_d1850-1917
245 1 0 _aEuropean Fungus Flora :
_bAgaricaceae
_h[electronic resource] /
_cGeorge Massee
260 _bProject Gutenberg,
_c2010
506 _aPublic domain in the USA.
516 _aElectronic text
653 _aMushrooms -- Europe
653 _aFungi -- Europe
653 _aAgaricaceae -- Europe
830 0 _aProject Gutenberg
_v33013
856 4 0 _uhttp://www.gutenberg.org/ebooks/33013
942 _cEB
999 _c262268
_d262268